| 000 | 01215nam0a22003011 4500 | ||
|---|---|---|---|
| 001 | v19\rc\1921011 | ||
| 005 | 20080404180317.7 | ||
| 035 | _a(NLR Aleph) 005024805 | ||
| 090 |
_a6627775 _c6627775 |
||
| 100 | _a20080404d1912 |||y0rusy50 ca | ||
| 101 | 1 |
_arus _ceng |
|
| 102 | _aRU | ||
| 105 | _aa z |||a| | ||
| 200 | 1 |
_aРобинзон Крузо _eЕго жизнь и приключения, рассказ. Даниэлем де-Фо _eС 120 рис. Вальтера Паже _fПолный пер. с послед. лонд. изд. под ред. В. Гатцука |
|
| 205 | _a4-е изд. | ||
| 210 |
_aМосква _cА.Д. Ступин _d1912 |
||
| 215 |
_a318, VI с. _cил. _d22 |
||
| 300 | _aВ предисл. крат. биогр. Дефо | ||
| 700 | 1 |
_6z01790 _aДефо _bД. _fок.1660-1731 _gДаниель _3RU\NLR\AUTH\7717827 |
|
| 702 | 1 |
_aПаже _bВ. _gВальтер _4440 |
|
| 702 | 1 |
_aГатцук _bВ. А. _f1863- _gВладимир Алексеевич _4340 |
|
| 790 | 1 |
_6z01700 _aДефо _bД. _fок. 1660-1731 _gДаниель |
|
| 801 | 0 |
_aRU _bNLR _gpsbo |
|
| 801 | 0 |
_aRU _bRuMoRGB _2psbo |
|
| 801 | 1 |
_aRU _bProSoft-M _2rusmarc |
|
| 852 |
_aNLR _j37.35.9.8 |
||
| 942 | _cBOOK | ||
| 980 | _aNB | ||